Liste des titres de U2 - Statistiques

Statistiques générales
  • Ce quiz a été pris 32 fois
  • Le résultat moyen est 30 sur 161
Statistiques - réponses
Album Année Chanson % Correct
War 1983 Sunday Bloody Sunday
88%
Achtung Baby 1991 One
75%
The Joshua Tree 1987 With or Without You
75%
The Joshua Tree 1987 Where the Streets Have no Name
71%
War 1983 New Year's Day
58%
October 1981 October
58%
The Unforgettable Fire 1985 Pride
58%
Rattle and Hum 1988 Pride
58%
All That You Can't Leave Behind 2000 Beautiful Day
54%
The Joshua Tree 1987 I Still Haven't Found What I'm Looking For
54%
Rattle and Hum 1988 I Still Haven't Found What I'm Looking For
54%
Achtung Baby 1991 The Fly
50%
The Unforgettable Fire 1985 The Unforgettable Fire
50%
How to Dismantle an Atomic Bomb 2004 Vertigo
50%
The Unforgettable Fire 1985 Bad
46%
Zooropa 1993 Zooropa
46%
Achtung Baby 1991 Zoo Station
46%
Rattle and Hum 1988 Desire
42%
Boy 1980 I Will Follow
42%
Achtung Baby 1991 Until The End of the World
42%
Achtung Baby 1991 Mysterious Ways
38%
No Line on the Horizon 2009 No Line on the Horizon
38%
Achtung Baby 1991 Who's Gonna Ride Your Wild Horses
38%
Rattle and Hum 1988 Angel of Harlem
33%
October 1981 Gloria
33%
No Line on the Horizon 2009 Magnificent
33%
How to Dismantle an Atomic Bomb 2004 City of Blinding Lights
29%
Pop 1997 Discothèque
29%
Zooropa 1993 Lemon
29%
Achtung Baby 1991 Love Is Blindness
29%
The Unforgettable Fire 1985 MLK
29%
War 1983 40
25%
No Line on the Horizon 2009 I'll Go Crazy If I Don't Go Crazy Tonight
25%
The Joshua Tree 1987 In God's Country
25%
Achtung Baby 1991 So Cruel
25%
Boy 1980 The Electric Co.
25%
Achtung Baby 1991 Ultra Violet ( Light my Way)
25%
Songs of Innocence 2014 Volcano
25%
All That You Can't Leave Behind 2000 Walk on
25%
All That You Can't Leave Behind 2000 Elevation
21%
Achtung Baby 1991 Even Better Than The Real Thing
21%
Songs of Innocence 2014 Every Breaking Wave
21%
The Joshua Tree 1987 Exit
21%
Zooropa 1993 Numb
21%
The Joshua Tree 1987 One Tree Hill
21%
Boy 1980 Out of Control
21%
Songs of Innocence 2014 Raised by Wolves
21%
The Joshua Tree 1987 Red Hill Mining Town
21%
War 1983 Seconds
21%
Songs of Innocence 2014 Song for Someone
21%
Pop 1997 Staring at the Sun
21%
War 1983 Two Hearts Beat as One
21%
Achtung Baby 1991 Acrobat
17%
The Unforgettable Fire 1985 A Sort of Homecoming
17%
No Line on the Horizon 2009 Breathe
17%
October 1981 Fire
17%
Rattle and Hum 1988 Helter Skelter
17%
October 1981 I Fall Down
17%
Pop 1997 Miami
17%
How to Dismantle an Atomic Bomb 2004 Miracle Drug
17%
Pop 1997 Mofo
17%
The Joshua Tree 1987 Mothers of the Disappeared
17%
Pop 1997 Please
17%
Songs of Experience 2017 Red Flag Day
17%
October 1981 Rejoice
17%
The Joshua Tree 1987 Running to Stand Still
17%
How to Dismantle an Atomic Bomb 2004 Sometimes You Can't Make it on Your Own
17%
Boy 1980 Stories for Boys
17%
War 1983 Surrender
17%
October 1981 Tomorrow
17%
Rattle and Hum 1988 All Along The Watchtower
13%
Rattle and Hum 1988 All I Want is You
13%
Boy 1980 An Cat Dubh
13%
The Joshua Tree 1987 Bullet in The Sky
13%
Rattle and Hum 1988 Bullet in the Sky
13%
No Line on the Horizon 2009 Cedars of Lebanon
13%
Songs of Innocence 2014 Cedarwood Road
13%
The Unforgettable Fire 1985 Elvis Presley and America
13%
Pop 1997 Gone
13%
Rattle and Hum 1988 Heartland
13%
All That You Can't Leave Behind 2000 In a Little While
13%
Songs of Innocence 2014 Iris (Hold Me Close)
13%
October 1981 Is That All ?
13%
October 1981 I Threw a Brick Through a Window
13%
No Line on the Horizon 2009 Moment of Surrender
13%
All That You Can't Leave Behind 2000 New York
13%
October 1981 Scarlet
13%
Rattle and Hum 1988 Silver and Gold
13%
All That You Can't Leave Behind 2000 Stuck in a Moment You Can't Get Out Of
13%
Boy 1980 The Ocean
13%
Zooropa 1993 The Wanderer
13%
Achtung Baby 1991 Tryin' to Throw Your Arms Around the World
13%
All That You Can't Leave Behind 2000 When I Look at the World
13%
Rattle and Hum 1988 When Love Comes to Town
13%
The Unforgettable Fire 1985 4th of July
8%
Boy 1980 A Day Without Me
8%
How to Dismantle an Atomic Bomb 2004 All Because of You
8%
Songs of Experience 2017 American Soul
8%
Boy 1980 Another Time, Another Place
8%
War 1983 Drowning Man
8%
No Line on the Horizon 2009 Fez / Being Born
8%
Rattle and Hum 1988 God Part II
8%
The Unforgettable Fire 1985 Indian Summer Sky
8%
Boy 1980 Into the Heart
8%
All That You Can't Leave Behind 2000 Kite
8%
Songs of Experience 2017 Lights of Home
8%
War 1983 Like a Song
8%
How to Dismantle an Atomic Bomb 2004 Original of the Species
8%
All That You Can't Leave Behind 2000 Peace On Earth
8%
The Unforgettable Fire 1985 Promenade
8%
War 1983 Red Light
8%
Boy 1980 Shadows and Tall Trees
8%
Songs of Innocence 2014 Sleep Like a Baby Tonight
8%
Zooropa 1993 Some Days Are Better Than Others
8%
No Line on the Horizon 2009 Stand up Comedy
8%
Zooropa 1993 Stay (Faraway, so Close !)
8%
October 1981 Stranger in a Strange Land
8%
Songs of Experience 2017 Summer of Love
8%
Songs of Experience 2017 The Blackout
8%
Songs of Innocence 2014 The Miracle (of Joey Ramone)
8%
War 1983 The Refugee
8%
Songs of Innocence 2014 The Troubles
8%
The Joshua Tree 1987 Trip Through Your Wires
8%
Boy 1980 Twilight
8%
No Line on the Horizon 2009 Unknow Caller
8%
Rattle and Hum 1988 Van Diemen's Land
8%
The Unforgettable Fire 1985 Wire
8%
October 1981 With a Shout (Jerusalem)
8%
How to Dismantle an Atomic Bomb 2004 Yahweh
8%
How to Dismantle an Atomic Bomb 2004 A man and a Woman
4%
Zooropa 1993 Babyface
4%
Songs of Innocence 2014 California (There is No End to Love)
4%
How to Dismantle an Atomic Bomb 2004 Crumbs From Your Table
4%
Zooropa 1993 Daddy's Gonna Pay For Your Crashed Car
4%
Zooropa 1993 Dirty Day
4%
Pop 1997 Do You Feel Loved
4%
Rattle and Hum 1988 Freedom for my People
4%
Songs of Experience 2017 Get Out of Your Own Way
4%
All That You Can't Leave Behind 2000 Grace
4%
Rattle and Hum 1988 Hawkmoon 269
4%
Pop 1997 If God Will Send His Angels
4%
Pop 1997 If You Wear That Velvet Dress
4%
Pop 1997 Last Night on Earth
4%
How to Dismantle an Atomic Bomb 2004 Love and Peace or Else
4%
Songs of Experience 2017 Love Is All We Have Left
4%
Songs of Experience 2017 Love Is Bigger Than Anything in Its Way
4%
Rattle and Hum 1988 Love Rescue Me
4%
How to Dismantle an Atomic Bomb 2004 One Step Closer
4%
Zooropa 1993 The First Time
4%
Pop 1997 The Playboy Mansion
4%
Rattle and Hum 1988 The Star Spangled Banner
4%
Songs of Innocence 2014 This Is Where You Can Reach Me Now
4%
Pop 1997 Wake Up Dead Man
4%
No Line on the Horizon 2009 White as Snow
4%
All That You Can't Leave Behind 2000 Wild Honey
4%
Songs of Experience 2017 You're the Best Thing About Me
4%
Songs of Experience 2017 13 (There Is a Light)
0%
No Line on the Horizon 2009 Gte on your Boots
0%
Songs of Experience 2017 Landlady
0%
Songs of Experience 2017 The Little Things That Give You Away
0%
Songs of Experience 2017 The Showman (Little More Better)
0%
Aucun quiz correspondant
Distribution des résultats
% des personnes avec chaque résultat
Percentile par nombre de réponses
Votre historique - résultats
Vous n’avez pas pris ce quiz